Concepts of foodservice operations and management / (Record no. 344306)

000 -LEADER
fixed length control field 00993 a2200205 4500
020 ## - INTERNATIONAL STANDARD BOOK NUMBER
International Standard Book Number 0442003803
020 ## - INTERNATIONAL STANDARD BOOK NUMBER
International Standard Book Number 9780442003807
082 04 - DEWEY DECIMAL CLASSIFICATION NUMBER
Classification number 647.95068
090 ## - LOCALLY ASSIGNED LC-TYPE CALL NUMBER (OCLC); LOCAL CALL NUMBER (RLIN)
-- 1795
-- 1795
100 1# - MAIN ENTRY--PERSONAL NAME
Personal name Khan, Mahmood A.
245 10 - TITLE STATEMENT
Title Concepts of foodservice operations and management /
Statement of responsibility, etc. Mahmood A. Khan.
250 ## - EDITION STATEMENT
Edition statement 2nd ed.
260 ## - PUBLICATION, DISTRIBUTION, ETC.
Place of publication, distribution, etc. [S.l.] :
Name of publisher, distributor, etc. Van Nostrand Reinhold,
Date of publication, distribution, etc. 1990.
300 ## - PHYSICAL DESCRIPTION
Extent 370 p. ;
Dimensions 24 cm.
500 ## - GENERAL NOTE
General note Hardcover.
520 ## - SUMMARY, ETC.
Summary, etc. Revised and updated to highlight essential concepts in the operations and management of foodservice facilities, this edition outlines all steps in a simple and understandable fashion. The unique feature of the book continues to be the emphasis on systems, which applies to both commercial and institutional operations.
856 40 - ELECTRONIC LOCATION AND ACCESS
Materials specified Amazon.com
Uniform Resource Identifier <a href="http://www.amazon.com/exec/obidos/ASIN/0442003803/chopaconline-20">http://www.amazon.com/exec/obidos/ASIN/0442003803/chopaconline-20</a>
856 40 - ELECTRONIC LOCATION AND ACCESS
Materials specified Amazon customer reviews
Uniform Resource Identifier <a href="http://www.chopac.org/cgi-bin/tools/azrev.pl?q=0442003803">http://www.chopac.org/cgi-bin/tools/azrev.pl?q=0442003803</a>
942 ## - ADDED ENTRY ELEMENTS (KOHA)
Institution code [OBSOLETE] NBS
Koha item type Book
Call number prefix 647.95068 KHA
Holdings
Withdrawn status Lost status Damaged status Not for loan Permanent Location Current Location Date acquired Total Checkouts Full call number Barcode Date last seen Price effective from Koha item type
        Central Library (CL) Central Library (CL) 08/28/2013   647.95068 KHA NBS3089 04/26/2016 08/28/2013 Book
© 2023 Central Library, National University of Sciences and Technology. All Rights Reserved.